MAASAI MARA UNIVERSITY

LIBRARY CATALOGUE

Contact Us: +254 020 2685356/7 or 0774 057787

Box: 861-20500, NAROK, KENYA

Email: info@mmarau.ac.ke

The Greek's virgin / (Record no. 31010)

MARC details
000 -LEADER
fixed length control field 01149cam a22003493a 4500
001 - CONTROL NUMBER
control field 15274069
003 - CONTROL NUMBER IDENTIFIER
control field OSt
005 - DATE AND TIME OF LATEST TRANSACTION
control field 20230329120047.0
008 - FIXED-LENGTH DATA ELEMENTS--GENERAL INFORMATION
fixed length control field 061017t20072006onc 000 1 eng d
010 ## - LIBRARY OF CONGRESS CONTROL NUMBER
LC control number 2007299682
016 ## - NATIONAL BIBLIOGRAPHIC AGENCY CONTROL NUMBER
Record control number 20070009481
020 ## - INTERNATIONAL STANDARD BOOK NUMBER
International Standard Book Number 0373125968 (pbk. : 2007)
020 ## - INTERNATIONAL STANDARD BOOK NUMBER
International Standard Book Number 9780373125968 (pbk. : 2007)
035 ## - SYSTEM CONTROL NUMBER
System control number (OCoLC)ocm73352664
035 ## - SYSTEM CONTROL NUMBER
System control number (OCoLC)73352664
040 ## - CATALOGING SOURCE
Original cataloging agency MMU
Transcribing agency MMU
Modifying agency MMU
-- MMU
-- MMU
-- MMU
-- MMU
Language of cataloging eng
042 ## - AUTHENTICATION CODE
Authentication code lccopycat
050 00 - LIBRARY OF CONGRESS CALL NUMBER
Classification number FIC PS 3606 .M67 2006
100 1# - MAIN ENTRY--PERSONAL NAME
Personal name Morey, Trish.
245 14 - TITLE STATEMENT
Title The Greek's virgin /
Statement of responsibility, etc. Trish Morey.
260 ## - PUBLICATION, DISTRIBUTION, ETC. (IMPRINT)
Place of publication, distribution, etc. Toronto :
-- New York :
Name of publisher, distributor, etc. Harlequin,
Date of publication, distribution, etc. 2007, c2006.
300 ## - PHYSICAL DESCRIPTION
Extent 187 p. :
Dimensions 17 cm.
440 #0 - SERIES STATEMENT/ADDED ENTRY--TITLE
Title Harlequin presents ;
Volume/sequential designation 2596.
Name of part/section of a work Greek tycoons
500 ## - GENERAL NOTE
General note "1st North American publication 2007"--T.p. verso.
650 #0 - SUBJECT ADDED ENTRY--TOPICAL TERM
Topical term or geographic name as entry element Greeks
Geographic subdivision Australia
Form subdivision Fiction.
650 #0 - SUBJECT ADDED ENTRY--TOPICAL TERM
Topical term or geographic name as entry element Man-woman relationships
Form subdivision Fiction.
655 #7 - INDEX TERM--GENRE/FORM
Genre/form data or focus term Love stories.
Source of term gsafd
710 2# - ADDED ENTRY--CORPORATE NAME
Corporate name or jurisdiction name as entry element Copyright Paperback Collection (Library of Congress)
Institution to which field applies DLC
906 ## - LOCAL DATA ELEMENT F, LDF (RLIN)
a 7
b cbc
c copycat
d 2
e ncip
f 20
g y-genrareb
942 ## - ADDED ENTRY ELEMENTS (KOHA)
Source of classification or shelving scheme Library of Congress Classification
Koha item type L
Holdings
Withdrawn status Lost status Source of classification or shelving scheme Damaged status Not for loan Home library Current library Date acquired Source of acquisition Total Checkouts Full call number Barcode Date last seen Date last checked out Price effective from Koha item type
    Library of Congress Classification     Maasai Mara University Library -Main Campus Maasai Mara University Library -Main Campus 10/08/2018 Donation 2 FICPS3606.M67 2006 201516084 09/14/2021 09/06/2021 10/08/2018 L
© 2016 Maasai Mara University.